Central Library OPAC University of Rajshahi

Employee Motivation and Human Resource Development in the Banking Sector of Bangladesh : (Record no. 81283)

MARC details
000 -LEADER
fixed length control field 01079nam a2200253 a 4500
001 - CONTROL NUMBER
RUCL Control Number 81283
003 - CONTROL NUMBER IDENTIFIER
rucl marc code BD-RjUL
005 - DATE AND TIME OF LATEST TRANSACTION
control field 20230307164925.0
008 - FIXED-LENGTH DATA ELEMENTS--GENERAL INFORMATION
fixed length control field 230307s2021 bg a|||| m||| 00| 0 eng d
035 ## - SYSTEM CONTROL NUMBER
system control number (BD-RjUL)81283
040 ## - CATALOGING SOURCE
Original cataloging agency BD-RjUL
Language of cataloging eng
Transcribing agency BD-RjUL
Modifying agency BD-RjUL
041 ## - LANGUAGE CODE
Language code of Book eng
082 ## - DEWEY DECIMAL CLASSIFICATION NUMBER
Classification number 370.095492
Author mark and Year RAE 2021
DDC Edition number 23
100 ## - MAIN ENTRY--PERSONAL NAME
Personal name Rahman, Mohammad Azizur
9 (RLIN) 7142
245 10 - TITLE STATEMENT
Title Employee Motivation and Human Resource Development in the Banking Sector of Bangladesh :
Remainder of title Theories and Practices /
Statement of responsibility, etc Mohammad Azizur Rahman ;
Name of Supervisor/Co-Supervisor Supervisor : Md. Omar Faruk Sarker, Co-Supervisor : Md. Kamruzzaman
260 ## - PUBLICATION, DISTRIBUTION, ETC. (IMPRINT)
Place of publication, distribution, etc Rajshahi :
Name of publisher, distributor, etc Institute of Bangladesh Studies, University of Rajshahi,
Date of publication, distribution, etc 2021
300 ## - PHYSICAL DESCRIPTION
Pagination xxxi, 327 Leaves :
Other physical details ill, ;
Dimensions 29 cm.
502 ## - DISSERTATION NOTE
Dissertation note Thesis (Ph. D.) -- Institute of Bangladesh Studies, University of Rajshahi, 2021
504 ## - BIBLIOGRAPHY, ETC. NOTE
Bibliography, etc Bibliography : Leaves [257]-283
650 ## - SUBJECT ADDED ENTRY--TOPICAL TERM
Topical term or geographic name as entry element Human Resource
Form subdivision Employee Motivation
Geographic subdivision Bangladesh
9 (RLIN) 7143
700 ## - ADDED ENTRY--SUPERVISOR/CO-SUPERVISOR NAME
Personal name Sarker, Md. Omar Faruk, Supervisor
9 (RLIN) 1374
Personal name Kamruzzaman, Md. Co-Supervisor
9 (RLIN) 1428
942 ## - ADDED ENTRY ELEMENTS (KOHA)
Source of classification or shelving scheme Dewey Decimal Classification
Koha item type Theses
Holdings
Source of classification or shelving scheme Damaged status Not for loan Collection code Permanent Location Current Location Shelving location Date of accession Source of acquisition Total Checkouts Full call number Barcode Date last seen Copy number Thesis
Dewey Decimal Classification   Not For Loan Theses Central Library, University of Rajshahi Central Library, University of Rajshahi Documentation Section 01/03/2023 Controller of Exam. R.U   THE 370.095492 RAE 2021 D4720 07/03/2023 C-1 Theses